Desolación

Salvato in:
Dettagli Bibliografici
Autore principale: Mistral, Gabriela (autora)
Natura: Libro
Lingua:spagnolo
Pubblicazione: Santiago Del Pacífico 1960
Edizione:3a. ed
Serie:Obras selectas, volumen II
Soggetti:
Tags: Aggiungi Tag
Nessun Tag, puoi essere il primo ad aggiungerne!!

MARC

LEADER 00000nam a2200000 a 4500
001 UCH6165
003 CL-VaPUC
005 20230531074406.0
008 091109e19600000CL |||||||||||||||||spa|d
999 |c 337115  |d 337113 
040 |c Pontificia Universidad Católica de Valparaíso 
082 0 4 |a Ch861  |b MIS  |2 21 
100 |a Mistral, Gabriela  |e autora  |9 866378 
245 1 0 |a Desolación 
250 |a 3a. ed 
260 |a Santiago  |b Del Pacífico  |c 1960 
300 |a 259 p 
490 0 |a Obras selectas, volumen II 
583 |a last modification  |c 20091109 00:00:00  |k Rodrigo Vera 
650 0 |a Literatura  |9 259151 
650 0 |a Literatura chilena   |9 308278 
650 0 |a Poesía chilena   |9 268403 
650 0 |a Poetas chilenos  |9 326722 
650 7 |a PROSA  |2 CL-VaPUC  |9 306692 
650 0 |a Lectura  |9 307634 
650 0 |a Poesía   |9 265825 
651 7 |a CHILE  |2 CL-VaPUC  |9 542562 
942 |c BK  |2 ddc 
945 |d 20091109 00:00:00  |a ccalabra